Entrada Encabezamiento temático
Número de registros utilizados en: 1
001 - NÚMERO DE CONTROL
- campo de control: 5152
003 - IDENTIFICADOR DEL NÚMERO DE CONTROL
- campo de control: vecauma
005 - FECHA Y HORA DE LA ÚLTIMA TRANSACCIÓN
- campo de control: 20230117204342.0
008 - DATOS DE LONGITUD FIJA
- campo de control de longitud fija: 230117|| aca||aabn | a|a d
040 ## - FUENTE DE LA CATALOGACIÓN
- Centro catalogador/agencia de origen: vecauma
053 ## - Número de clasificación LC
- Número de clasificación–único número o número inicial: PN4784.S4
150 ## - Materia
- Encabezamiento temático: PRENSA SENSACIONALISTA
450 ## - REFERENCIA DE “VEASE” MATERIA
- Encabezamiento temático: Sensationalism in journalism
450 ## - REFERENCIA DE “VEASE” MATERIA
- Encabezamiento temático: Periódicos amarillistas
450 ## - REFERENCIA DE “VEASE” MATERIA
- Encabezamiento temático: Periódicos sensacionalistas
450 ## - REFERENCIA DE “VEASE” MATERIA
- Encabezamiento temático: Periodismo amarillista
450 ## - REFERENCIA DE “VEASE” MATERIA
- Encabezamiento temático: Periodismo sensacionalista
450 ## - REFERENCIA DE “VEASE” MATERIA
- Encabezamiento temático: Prensa amarilla
550 ## - REFERENCIA DE "VEASE ADEMAS" MATERIA
- Encabezamiento temático: PERIODISMO
- Subcampo de control : g
550 ## - REFERENCIA DE "VEASE ADEMAS" MATERIA
- Encabezamiento temático: PRENSA
- Subcampo de control : g
670 ## - FUENTE EN LA QUE SE LOCALIZARON DATOS
- Cita de la fuente: Catálogo de Autoridades de la Biblioteca Nacional de España, 2023
- Información localizada: (Prensa sensacionalista)
670 ## - FUENTE EN LA QUE SE LOCALIZARON DATOS
- Cita de la fuente: Catálogo de Autoridades de la Biblioteca del Congreso, 2023
- Información localizada: (Sensationalism in journalism)
